| 000 | 00474nam a2200157 i 4500 | ||
|---|---|---|---|
| 001 | 36782 | ||
| 003 | ES-MaACL | ||
| 005 | 20230906155437.0 | ||
| 007 | t| | ||
| 008 | 030219s1901 fr ||||1| fre d | ||
| 100 | 1 |
_aBoutmy, Emile. _931060 |
|
| 245 | 1 | 0 |
_aEssai d'une psychologie politique du peuple anglais au XIX siecle / _cEmile Boutmy. |
| 260 |
_aParis : _b[s.n., _c1901] ( _eCoulommiers : _fP. Brodard) |
||
| 300 |
_aVIII, 456 p. ; _c19 cm. |
||
| 852 |
_aES-MaACL _jF-10731 |
||
| 999 |
_c36782 _d36782 |
||